<?xml version="1.0" encoding="UTF-8"?>
<collection xmlns="http://www.loc.gov/MARC21/slim">
 <record>
  <leader>00766cam a2200265 7i4500</leader>
  <controlfield tag="001">0000012869</controlfield>
  <controlfield tag="005">20150325090000.0</controlfield>
  <controlfield tag="003">  iicp-my</controlfield>
  <controlfield tag="005">  20090725111500.0</controlfield>
  <controlfield tag="008">090725                       000 0 eng d</controlfield>
  <datafield tag="020" ind1=" " ind2=" ">
   <subfield code="a">9781442500419 </subfield>
  </datafield>
  <datafield tag="020" ind1=" " ind2=" ">
   <subfield code="a">1442500419 </subfield>
  </datafield>
  <datafield tag="039" ind1=" " ind2="9">
   <subfield code="y">200907251115</subfield>
   <subfield code="z">Azlin</subfield>
  </datafield>
  <datafield tag="090" ind1="0" ind2="0">
   <subfield code="a">658.8 </subfield>
   <subfield code="b">PRI</subfield>
  </datafield>
  <datafield tag="100" ind1="1" ind2=" ">
   <subfield code="a">Kotler, Philip </subfield>
  </datafield>
  <datafield tag="245" ind1="0" ind2="0">
   <subfield code="a">Principles of marketing / by Philip Kotler...[et.al]..</subfield>
  </datafield>
  <datafield tag="250" ind1=" " ind2=" ">
   <subfield code="a">4th ed..</subfield>
  </datafield>
  <datafield tag="260" ind1=" " ind2=" ">
   <subfield code="a">Frenchs Forest, New South Wales : Pearson Education Australia, 2009.</subfield>
  </datafield>
  <datafield tag="300" ind1=" " ind2=" ">
   <subfield code="a">p.: ill. ; cm..</subfield>
  </datafield>
  <datafield tag="650" ind1=" " ind2="0">
   <subfield code="a">Marketing. </subfield>
  </datafield>
  <datafield tag="700" ind1=" " ind2=" ">
   <subfield code="a">Adam, Stewart </subfield>
  </datafield>
  <datafield tag="700" ind1=" " ind2=" ">
   <subfield code="a">Armstrong, Gary </subfield>
  </datafield>
  <datafield tag="700" ind1=" " ind2=" ">
   <subfield code="a">Denize, Adam </subfield>
  </datafield>
  <datafield tag="999" ind1=" " ind2=" ">
   <subfield code="a">1000020916</subfield>
   <subfield code="b">Book</subfield>
   <subfield code="c">Yellow Spot</subfield>
  </datafield>
  <datafield tag="999" ind1=" " ind2=" ">
   <subfield code="a">1000020917</subfield>
   <subfield code="b">Book</subfield>
   <subfield code="c">Yellow Spot</subfield>
  </datafield>
 </record>
</collection>
